000 01083nam a22002777a 4500
005 20240530110613.0
008 161109s2015 jo g 000 0 ara d
017 _a2014/2/669
_bالاردن . دائرة المكتبة الوطنية
020 _a9789957172282
040 _aEG-CaGPL
_cEG-CaGPL
082 0 4 _221
_a158.3\
_bم إ
100 0 _aمنذر عبدالحميد الضامن .
245 1 2 _aالارشاد النفسى :
_cاسسه الفنية و النظرية /
_bتاليف منذر عبدالحميد الضامن .
250 _aط.1
260 _bمكتبة الفلاح للنشر و التوزيع ،
_c2015 .
300 _a208 ص ؛
_c24 سم .
504 _aببليوجرافية : ص 205 - 208
650 0 7 _2qrmak
_aالارشاد النفسى .
650 0 7 _2qrmak
_aالاطفال
_xرعاية و علاج .
650 0 4 _aنظرية كارل روجرز
_2qrmak
650 0 4 _aنظرية ادلر .
_2qrmak
650 0 7 _2qrmak
_aالعلاج النفسي
651 _2qrmak
942 _2ddc
_cBK
999 _c62903
_d62903